| 000 | 01020cam a2200217 4500 | ||
|---|---|---|---|
| 001 | WB4015-08 | ||
| 008 | 040421n2004 000 0 eng u | ||
| 035 | _a(Sirsi) u125908 | ||
| 245 | _aSustainable development indicators in your pocket | ||
| 260 | _c2004 | ||
| 490 |
_aDEFRA News Release _v(147/04) 21 April 2004 (2) |
||
| 520 | _aA free pocket-sized booklet providing a selection of around 50 of government's indicators of sustainable development is recently published. The aim of the booklet is to provide a clear set of indicators covering a number of key headline indicators such as economic growth, investment, climate change and housing quality. "Sustainable development indicators in your pocket" is available to download at www.sustainable-development.gov.uk. | ||
| 590 | _aWB | ||
| 590 | _aWB | ||
| 650 | _aSUSTAINABLE DEVELOPMENT | ||
| 650 | _aSUSTAINABLE DEVELOPMENT INDICATORS | ||
| 650 | _aMONITORING | ||
| 650 | _aPERFORMANCE INDICATORS | ||
| 690 | _aDEVELOPMENT-SUSTAINABLE | ||
| 942 | _n0 | ||
| 999 |
_c117230 _d117230 |
||